| 000 | 00391nam a22001577a 4500 | ||
|---|---|---|---|
| 999 |
_c8029 _d8027 |
||
| 005 | 20220805145129.0 | ||
| 008 | 220805b ||||| |||| 00| 0 eng d | ||
| 020 | _a97815-43346-09-1 | ||
| 041 | _aeng | ||
| 100 |
_aBAWEJA, DR. HIMANSHU _97329 |
||
| 245 | _aA TEXT BOOK OF PHARMACOTHERAPEUTICS | ||
| 260 | _bS.VIKAS AND COMPANY | ||
| 300 | _a282;p | ||
| 650 |
_aPHARMACY _97330 |
||
| 942 | _cBK | ||